| 000 | 01247cam a2200313 a 4500 | ||
|---|---|---|---|
| 001 | 3017170 | ||
| 003 | NUST-PNEC | ||
| 005 | 20170116180736.0 | ||
| 008 | 941213s1995 maua 001 0 eng | ||
| 010 | _a 94048197 | ||
| 020 | _a0750695005 | ||
| 040 | _cPNEC | ||
| 050 | 0 | 0 |
_aQA76.76.D47 _bK564 1995 |
| 082 | 0 | 0 |
_a005.7565 KLI _220 |
| 100 | 1 |
_aKline, Kevin E., _d1966- |
|
| 245 | 1 | 0 |
_aOracle's cooperative development environment : a reference and user's guide _cKevin E. Kline. |
| 260 |
_aBoston : _bButterworth-Heinemann, _cc1995. |
||
| 300 |
_axiii, 366 p. : _bill. ; _c24 cm. |
||
| 440 | 0 | _aDatamation book series | |
| 500 | _aIncludes index. | ||
| 630 | 0 | 0 | _aOracle (Computer file) |
| 650 | 0 |
_aComputer software _xDevelopment. |
|
| 690 | _xMIS, Computer | ||
| 856 | 4 | 2 | _uhttp://www.amazon.com/Oracles-Cooperative-Development-Environment-Datamation/dp/0750695005/ref=sr_1_1?ie=UTF8&qid=1416811679&sr=8-1&keywords=0750695005 |
| 856 | 4 | 1 |
_3Table of contents _uhttp://www.loc.gov/catdir/toc/els032/94048197.html |
| 906 |
_a7 _bcbc _corignew _d1 _eocip _f19 _gy-gencatlg |
||
| 942 |
_2ddc _cBK |
||
| 999 |
_c61963 _d61963 |
||